Tennis en 100 clics / Qui gagne chaque 1/4 de Roland Garros de 2000-24 - Statistiques

Statistiques générales
  • Ce quiz a été pris 101 fois
  • Le résultat moyen est 70 sur 100
Statistiques - réponses
Hint Extra Hint Réponse % Correct
En 2013 Rafael Nadal vs Stanislas Wawrinka 1/4 Finale Roland Garros 2013 Joueur A
92%
En 2016 Novak Djokovic vs Tomáš Berdych 1/4 Finale Roland Garros 2016 Joueur A
91%
En 2018 Rafael Nadal vs Diego Schwartzman 1/4 Finale Roland Garros 2018 Joueur A
91%
En 2020 Novak Djokovic vs Pablo Carreño Busta 1/4 Finale Roland Garros 2020 Joueur A
91%
En 2021 Alexander Zverev vs A. Davidovich Fokina 1/4 Finale Roland Garros 2021 Joueur A
91%
En 2019 Novak Djokovic vs Alexander Zverev 1/4 Finale Roland Garros 2019 Joueur A
89%
En 2021 Novak Djokovic vs Matteo Berrettini 1/4 Finale Roland Garros 2021 Joueur A
89%
En 2021 Rafael Nadal vs Diego Schwartzman 1/4 Finale Roland Garros 2021 Joueur A
89%
En 2007 Carlos Moyà vs Rafael Nadal 1/4 Finale Roland Garros 2007 Joueur B
89%
En 2008 Nicolás Almagro vs Rafael Nadal 1/4 Finale Roland Garros 2008 Joueur B
89%
En 2005 Rafael Nadal vs David Ferrer 1/4 Finale Roland Garros 2005 Joueur A
88%
En 2013 Novak Djokovic vs Tommy Haas 1/4 Finale Roland Garros 2013 Joueur A
88%
En 2014 Rafael Nadal vs David Ferrer 1/4 Finale Roland Garros 2014 Joueur A
88%
En 2023 Novak Djokovic vs Karen Khachanov 1/4 Finale Roland Garros 2023 Joueur A
88%
En 2023 Alexander Zverev vs Tomás Martín Etcheverry 1/4 Finale Roland Garros 2023 Joueur A
88%
En 2019 Kei Nishikori vs Rafael Nadal 1/4 Finale Roland Garros 2019 Joueur B
88%
En 2016 Dominic Thiem vs David Goffin 1/4 Finale Roland Garros 2016 Joueur A
87%
En 2019 Dominic Thiem vs Karen Khachanov 1/4 Finale Roland Garros 2019 Joueur A
87%
En 2024 Alexander Zverev vs Alex de Minaur 1/4 Finale Roland Garros 2024 Joueur A
87%
En 2006 Novak Djokovic vs Rafael Nadal 1/4 Finale Roland Garros 2006 Joueur B
87%
En 2010 Nicolás Almagro vs Rafael Nadal 1/4 Finale Roland Garros 2010 Joueur B
87%
En 2014 Milos Raonic vs Novak Djokovic 1/4 Finale Roland Garros 2014 Joueur B
87%
En 2024 Grigor Dimitrov vs Jannik Sinner 1/4 Finale Roland Garros 2024 Joueur B
87%
En 2006 Roger Federer vs Mario Ančić 1/4 Finale Roland Garros 2006 Joueur A
85%
En 2007 Roger Federer vs Tommy Robredo 1/4 Finale Roland Garros 2007 Joueur A
85%
En 2007 Novak Djokovic vs Igor Andreev 1/4 Finale Roland Garros 2007 Joueur A
85%
En 2008 Roger Federer vs F. González 1/4 Finale Roland Garros 2008 Joueur A
85%
En 2011 Andy Murray vs Juan Ignacio Chela 1/4 Finale Roland Garros 2011 Joueur A
85%
En 2017 Andy Murray vs Kei Nishikori 1/4 Finale Roland Garros 2017 Joueur A
85%
En 2017 Stanislas Wawrinka vs Marin Čilić 1/4 Finale Roland Garros 2017 Joueur A
85%
En 2011 Fabio Fognini vs Novak Djokovic 1/4 Finale Roland Garros 2011 Joueur B
85%
En 2016 Albert Ramos-Viñolas vs Stanislas Wawrinka 1/4 Finale Roland Garros 2016 Joueur B
85%
En 2017 Pablo Carreño-Busta vs Rafael Nadal 1/4 Finale Roland Garros 2017 Joueur B
85%
En 2024 Stéfanos Tsitsipás vs Carlos Alcaraz 1/4 Finale Roland Garros 2024 Joueur B
85%
En 2001 Gustavo Kuerten vs Ievgueni Kafelnikov 1/4 Finale Roland Garros 2001 Joueur A
84%
En 2009 Robin Söderling vs Nikolay Davydenko 1/4 Finale Roland Garros 2009 Joueur A
84%
En 2012 Nicolás Almagro vs Rafael Nadal 1/4 Finale Roland Garros 2012 Joueur B
84%
En 2016 Richard Gasquet vs Andy Murray 1/4 Finale Roland Garros 2016 Joueur B
84%
En 2000 Gustavo Kuerten vs Ievgueni Kafelnikov 1/4 Finale Roland Garros 2000 Joueur A
83%
En 2005 Roger Federer vs Victor Hănescu 1/4 Finale Roland Garros 2005 Joueur A
83%
En 2012 Roger Federer vs Juan Martín del Potro 1/4 Finale Roland Garros 2012 Joueur A
83%
En 2021 Stéfanos Tsitsipás vs Daniil Medvedev 1/4 Finale Roland Garros 2021 Joueur A
83%
En 2013 Tommy Robredo vs David Ferrer 1/4 Finale Roland Garros 2013 Joueur B
83%
En 2020 Jannik Sinner vs Rafael Nadal 1/4 Finale Roland Garros 2020 Joueur B
83%
En 2012 Novak Djokovic vs Jo-Wilfried Tsonga 1/4 Finale Roland Garros 2012 Joueur A
81%
En 2022 Casper Ruud vs Holger Rune 1/4 Finale Roland Garros 2022 Joueur A
81%
En 2023 Carlos Alcaraz vs Stéfanos Tsitsipás 1/4 Finale Roland Garros 2023 Joueur A
81%
En 2009 Gaël Monfils vs Roger Federer 1/4 Finale Roland Garros 2009 Joueur B
81%
En 2011 Gaël Monfils vs Roger Federer 1/4 Finale Roland Garros 2011 Joueur B
81%
En 2020 Andrey Rublev vs Stéfanos Tsitsipás 1/4 Finale Roland Garros 2020 Joueur B
81%
En 2009 Juan Martín del Potro vs Tommy Robredo 1/4 Finale Roland Garros 2009 Joueur A
79%
En 2011 Rafael Nadal vs Robin Söderling 1/4 Finale Roland Garros 2011 Joueur A
79%
En 2008 Ernests Gulbis vs Novak Djokovic 1/4 Finale Roland Garros 2008 Joueur B
79%
En 2001 Juan Carlos Ferrero vs Lleyton Hewitt 1/4 Finale Roland Garros 2001 Joueur A
77%
En 2003 Juan Carlos Ferrero vs Fernando González 1/4 Finale Roland Garros 2003 Joueur A
76%
En 2010 Tomáš Berdych vs Mikhail Youzhny 1/4 Finale Roland Garros 2010 Joueur A
76%
En 2002 Andrei Pavel vs Àlex Corretja 1/4 Finale Roland Garros 2002 Joueur B
76%
En 2023 Holger Rune vs Casper Ruud 1/4 Finale Roland Garros 2023 Joueur B
76%
En 2007 Nikolay Davydenko vs Guillermo Cañas 1/4 Finale Roland Garros 2007 Joueur A
73%
En 2018 Dominic Thiem vs Alexander Zverev 1/4 Finale Roland Garros 2018 Joueur A
73%
En 2006 Julien Benneteau vs Ivan Ljubičić 1/4 Finale Roland Garros 2006 Joueur B
71%
En 2014 Gaël Monfils vs Andy Murray 1/4 Finale Roland Garros 2014 Joueur B
71%
En 2002 Juan Carlos Ferrero vs Andre Agassi 1/4 Finale Roland Garros 2002 Joueur A
69%
En 2002 Guillermo Cañas vs Albert Costa 1/4 Finale Roland Garros 2002 Joueur B
69%
En 2005 Guillermo Cañas vs Mariano Puerta 1/4 Finale Roland Garros 2005 Joueur B
69%
En 2015 Andy Murray vs David Ferrer 1/4 Finale Roland Garros 2015 Joueur A
68%
En 2015 Stanislas Wawrinka vs Roger Federer 1/4 Finale Roland Garros 2015 Joueur A
68%
En 2000 Àlex Corretja vs Juan Carlos Ferrero 1/4 Finale Roland Garros 2000 Joueur B
68%
En 2004 Gastón Gaudio vs Lleyton Hewitt 1/4 Finale Roland Garros 2004 Joueur A
65%
En 2003 Tommy Robredo vs Albert Costa 1/4 Finale Roland Garros 2003 Joueur B
64%
En 2003 Guillermo Coria vs Andre Agassi 1/4 Finale Roland Garros 2003 Joueur A
61%
En 2006 David Nalbandian vs Nikolay Davydenko 1/4 Finale Roland Garros 2006 Joueur A
60%
En 2018 Marin Čilić vs Juan Martín del Potro 1/4 Finale Roland Garros 2018 Joueur B
59%
En 2022 Novak Djokovic vs Rafael Nadal 1/4 Finale Roland Garros 2022 Joueur B
59%
En 2015 Kei Nishikori vs Jo-Wilfried Tsonga 1/4 Finale Roland Garros 2015 Joueur B
57%
En 2019 Stanislas Wawrinka vs Roger Federer 1/4 Finale Roland Garros 2019 Joueur B
56%
En 2004 Carlos Moyà vs Guillermo Coria 1/4 Finale Roland Garros 2004 Joueur B
55%
En 2017 Dominic Thiem vs Novak Djokovic 1/4 Finale Roland Garros 2017 Joueur A
52%
En 2022 Alexander Zverev vs Carlos Alcaraz 1/4 Finale Roland Garros 2022 Joueur A
52%
En 2012 David Ferrer vs Andy Murray 1/4 Finale Roland Garros 2012 Joueur A
51%
En 2001 Roger Federer vs Àlex Corretja 1/4 Finale Roland Garros 2001 Joueur B
48%
En 2022 Andrey Rublev vs Marin Čilić 1/4 Finale Roland Garros 2022 Joueur B
48%
En 2005 Nikolay Davydenko vs Tommy Robredo 1/4 Finale Roland Garros 2005 Joueur A
47%
En 2002 Sébastien Grosjean vs Marat Safin 1/4 Finale Roland Garros 2002 Joueur B
47%
En 2004 Tim Henman vs Juan Ignacio Chela 1/4 Finale Roland Garros 2004 Joueur A
45%
En 2015 Novak Djokovic vs Rafael Nadal 1/4 Finale Roland Garros 2015 Joueur A
45%
En 2000 Magnus Norman vs Marat Safin 1/4 Finale Roland Garros 2000 Joueur A
43%
En 2014 Tomáš Berdych vs Ernests Gulbis 1/4 Finale Roland Garros 2014 Joueur B
41%
En 2013 Jo-Wilfried Tsonga vs Roger Federer 1/4 Finale Roland Garros 2013 Joueur A
40%
En 2008 Gaël Monfils vs David Ferrer 1/4 Finale Roland Garros 2008 Joueur A
39%
En 2018 Marco Cecchinato vs Novak Djokovic 1/4 Finale Roland Garros 2018 Joueur A
39%
En 2020 Diego Schwartzman vs Dominic Thiem 1/4 Finale Roland Garros 2020 Joueur A
36%
En 2010 Roger Federer vs Robin Söderling 1/4 Finale Roland Garros 2010 Joueur B
35%
En 2004 Gustavo Kuerten vs David Nalbandian 1/4 Finale Roland Garros 2004 Joueur B
33%
En 2000 Franco Squillari vs Albert Costa 1/4 Finale Roland Garros 2000 Joueur A
29%
En 2009 Andy Murray vs Fernando González 1/4 Finale Roland Garros 2009 Joueur B
29%
En 2001 Sébastien Grosjean vs Andre Agassi 1/4 Finale Roland Garros 2001 Joueur A
28%
En 2024 Novak Djokovic vs Casper Ruud 1/4 Finale Roland Garros 2024 Joueur B
27%
En 2003 Martin Verkerk vs Carlos Moyà 1/4 Finale Roland Garros 2003 Joueur A
25%
En 2010 Jürgen Melzer vs Novak Djokovic 1/4 Finale Roland Garros 2010 Joueur A
23%
Aucun quiz correspondant
Distribution des résultats
% des personnes avec chaque résultat
Percentile par nombre de réponses
Votre historique - résultats
Vous n’avez pas pris ce quiz